| 000 | 00481nam a2200193Ia 4500 | ||
|---|---|---|---|
| 003 | GCL | ||
| 008 | 140319s9999 xx 000 0 eng d | ||
| 040 |
_aGCL / _cGCL |
||
| 082 | 0 | 4 |
_a005.3 _bR A |
| 100 | 1 | _aROSS, JOHN | |
| 245 | 1 | 0 |
_aALL ABOUT WINFAX PRO7 FOR WINDOWS 95 / _cROSS, JOHN |
| 260 |
_a[S.N] : _bSYBEX ، _c1994 |
||
| 300 | _a381 P | ||
| 650 | 0 | 4 | _aشعر الحرب |
| 650 | 0 | 4 | _aCOMPUTER LANGUAGE |
| 650 | 0 | 4 | _aWINDOWS 95 |
| 650 | 0 | 4 | _aWIN FAX |
| 942 |
_2ddc _cBK |
||
| 999 |
_c13688 _d13688 |
||